[Event "ch-PHI w"]
[Site "Tagaytay City PHI"]
[Date "2010.06.01"]
[Round "10"]
[White "Suede,A"]
[Black "Docena,J"]
[Result "1/2-1/2"]
[WhiteElo "1945"]
[BlackElo "2008"]

1.e4 c5 2.Nc3 Nc6 3.Bb5 g6 4.Bxc6 bxc6 5.d3 Bg7 6.Nf3 Nf6 7.O-O O-O 8.h3 d5
9.Nh2 Ba6 10.e5 Nd7 11.f4 c4 12.d4 e6 13.Ne2 c5 14.c3 Rb8 15.g4 Qb6 16.Kh1 cxd4
17.cxd4 f5 18.gxf5 gxf5 19.Rg1 Kh8 20.Qe1 Rf7 21.Nf3 h6 22.Qh4 Qd8 23.Qh5 Qe8
24.Nh4 Nf8 25.Ng3 Rc7 26.Qxe8 Rxe8 27.Bd2 Rb7 28.Bc3 Bb5 29.Rg2 Rc8 30.Rag1 Be8
31.Kh2 Ng6 32.Nxg6+ Bxg6 33.h4 Be8 34.Kh3 Kh7 35.Kh2 Ra8 36.a3 a5 37.Kh3 Bf8
38.Kh2 Raa7 39.Kh3 Rb3 40.Rc1 Be7 41.Ne2 Bh5 42.Rc2 Bg4+ 43.Kg3 Bd8 44.Nc1 Rbb7
45.Rh2 Rg7 46.Kf2 Bh5 47.Be1 Rab7 48.Ke3 Rg4 49.Rcg2  1/2-1/2

[Event "3rd Mayor's Cup"]
[Site "Mumbai IND"]
[Date "2010.06.02"]
[Round "1"]
[White "Simonian,H"]
[Black "Rajeev,V"]
[Result "1-0"]
[WhiteElo "2521"]
[BlackElo "1802"]

1.e4 c5 2.Nc3 Nc6 3.Bb5 Nd4 4.Bc4 a6 5.Nge2 e5 6.Nxd4 exd4 7.Qh5 Nh6 8.Nd5 d6
9.d3 Bg4 10.Qg5 Be6 11.Qg3 Ng4 12.h3 Ne5 13.Bb3 Ng6 14.Bg5 f6 15.Bd2 Bf7
16.O-O Be7 17.f4 Bf8 18.Rae1 Bxd5 19.Bxd5 Qd7 20.Bb3 Ne7 21.e5 d5 22.exf6 gxf6
23.Qh4 O-O-O 24.Ba5 Re8 25.Qxf6 Rg8 26.Qb6 Rg6 27.Qxc5+ Nc6 28.Qxd5 Nxa5
29.Rxe8+ Qxe8 30.Qxa5 Qe3+ 31.Kh1 Bd6 32.Qf5+ Kb8 33.Qe4 Qg3 34.Qf3 Qh4 35.Qf2 Qh6
36.Qxd4 Rf6 37.f5 Qg5 38.Rf3 Qc1+ 39.Qg1 Qxb2 40.d4 Qa3 41.Be6 Qa4 42.c4 b6
43.Rb3 Kc7 44.c5 bxc5 45.dxc5 Be5 46.c6 Qf4 47.Qb6+ Kd6 48.Qd8+ Kc5 49.Qd5+  1-0

[Event "AES Dominicana"]
[Site "Santo Domingo DOM"]
[Date "2010.06.03"]
[Round "2"]
[White "Mitkov,N1"]
[Black "Rodriguez,Jose DOM"]
[Result "1-0"]
[WhiteElo "2509"]
[BlackElo "2200"]

1.e4 c5 2.Nc3 Nc6 3.Bb5 g6 4.Bxc6 dxc6 5.d3 Bg7 6.Be3 b6 7.Qd2 e5 8.f4 Nf6
9.fxe5 Ng4 10.Bg5 Qc7 11.Nf3 Nxe5 12.O-O O-O 13.Rae1 Bg4 14.Nxe5 Bxe5 15.h3 Be6
16.Bf4 Rad8 17.b3 c4 18.bxc4 Bxc4 19.Kh1 Be6 20.a4 Bxf4 21.Rxf4 Qe5 22.Ne2 c5
23.Ng1 Qg7 24.a5 b5 25.e5 Bd5 26.Qe3 Rfe8 27.c4 bxc4 28.dxc4 Ba8 29.Qxc5 Qh6
30.Qf2 Qg5 31.h4 Qe7 32.Rf6 Rc8 33.Rf4 f5 34.exf6 Qxe1 35.f7+ Kg7 36.fxe8=N+ Qxe8
37.Qxa7+ Kg8 38.Qf2 Be4 39.Qd4 Ba8 40.Qf2 Be4 41.a6 Rxc4 42.Qa2 Qa4 43.Qxa4 Rxa4
44.Kh2 Bc6 45.Rxa4 Bxa4 46.Nf3 Bc6 47.Ne5 Be4 48.a7 Kg7 49.Nd7 Kh6 50.g4 Kg7
51.Kg3 Kf7 52.Nb6 Kf6 53.Kf4 Bc6 54.a8=Q Bxa8 55.Nxa8 h6 56.Nc7 Kf7 57.Ke5 Ke7
58.Nd5+ Kf7 59.Kd6  1-0

[Event "3rd Mayor's Cup"]
[Site "Mumbai IND"]
[Date "2010.06.04"]
[Round "4"]
[White "Iuldachev,S"]
[Black "Abhishek,D"]
[Result "0-1"]
[WhiteElo "2511"]
[BlackElo "2331"]

1.e4 c5 2.Nc3 Nc6 3.Bb5 e6 4.Nf3 Nd4 5.O-O a6 6.Bd3 Ne7 7.Nxd4 cxd4 8.Ne2 Nc6
9.c3 Bc5 10.b4 Bb6 11.cxd4 d5 12.e5 Nxb4 13.Qa4+ Nc6 14.Ba3 Bd7 15.Qd1 Nxd4
16.Rb1 Nc6 17.Nf4 Bd4 18.Qh5 Nxe5 19.Ne2 Nxd3 20.Nxd4 Qf6 21.Rxb7 Nf4 22.Qf3 Qxd4
23.Rb4 Qd3 24.Rxf4 Qxf3 25.Rxf3 Rc8 26.Rg3 Rg8 27.Bb2 Rc2 28.Bxg7 Bb5 29.Rd1 Rxa2
30.h4 h5 31.Rg5 Kd7 32.d4 a5 33.Rb1 Kc6 34.Rc1+ Kb6 35.g4 Be2 36.gxh5 Bxh5
37.Rb1+ Ka6 38.Bf6 Rxg5+ 39.Bxg5 Ra4 40.Bf6 Rb4 41.Ra1 a4 42.Kg2 Kb5 43.Bg7 Rb3
44.Bf8 e5 45.dxe5 d4 46.Ra2 d3 47.Bh6 a3 48.Bc1 Ka4 49.f4 Rc3 50.Bxa3 Rxa3
51.Rd2 Kb4 52.Kf2 Kc4 53.Ke3 Ra1 54.f5 Re1+ 55.Kf4 Kc3  0-1

[Event "9th TCh-BIH Premier"]
[Site "Bihac BIH"]
[Date "2010.06.10"]
[Round "6"]
[White "Solak,D"]
[Black "Kozul,Z"]
[Result "1-0"]
[WhiteElo "2547"]
[BlackElo "2579"]

1.e4 c5 2.Nf3 Nc6 3.Nc3 d6 4.d4 cxd4 5.Nxd4 Nf6 6.Bg5 e6 7.Qd2 a6 8.O-O-O Bd7
9.f4 b5 10.Bxf6 gxf6 11.Kb1 b4 12.Nce2 Qb6 13.h4 Rg8 14.Rh3 Rc8 15.Re3 a5
16.Nxc6 Rxc6 17.Nd4 Rc7 18.b3 Bh6 19.g3 Ke7 20.Bc4 Rd8 21.Qe2 Qc5 22.Nf5+ exf5
23.exf5+ Kf8 24.Qh5 Bxf5 25.Qxh6+ Kg8 26.Qxf6 Rf8 27.Qg5+ Kh8 28.Ree1 a4
29.g4 Bxc2+ 30.Kxc2 axb3+ 31.axb3 Qf2+ 32.Kb1 Rxc4 33.Qf6+ Kg8 34.Qg5+ Kh8
35.Qf6+ Kg8 36.bxc4 Ra8 37.Qb2 Qxf4 38.Rd4 Qf3 39.Rde4 Qd3+ 40.Kc1 f6 41.Qxf6 Rf8
42.Qg5+ Kh8 43.Qd2  1-0

[Event "4th Open"]
[Site "Varna BUL"]
[Date "2010.06.12"]
[Round "1"]
[White "Parligras,M"]
[Black "Simeonov,Svetoslav"]
[Result "1-0"]
[WhiteElo "2565"]
[BlackElo "1802"]

1.e4 c5 2.Nf3 Nc6 3.Nc3 d6 4.d4 cxd4 5.Nxd4 Nf6 6.Bc4 e6 7.Be3 Be7 8.Qe2 Bd7
9.O-O-O O-O 10.f4 Nxd4 11.Bxd4 Qa5 12.Bxf6 Bxf6 13.e5 Be7 14.exd6 Bf6 15.Ne4 Qf5
16.Rhf1 b5 17.g4 Qg6 18.Bd3 Rfd8 19.Nxf6+ Qxf6 20.g5 Qd4 21.Bxh7+ Kxh7 22.Rxd4  1-0

[Event "14th Master Open"]
[Site "Voronezh RUS"]
[Date "2010.06.12"]
[Round "1"]
[White "Savchenko,B"]
[Black "Amanov,Z"]
[Result "1-0"]
[WhiteElo "2642"]
[BlackElo "2398"]

1.e4 c5 2.Nf3 Nc6 3.Nc3 d6 4.d4 cxd4 5.Nxd4 Nf6 6.Bg5 e6 7.Qd2 Be7 8.O-O-O Qb6
9.Be3 Ng4 10.Bb5 Nxe3 11.Qxe3 Bd7 12.f4 O-O 13.Rhe1 Rfc8 14.Kb1 Qc7 15.Re2 a6
16.Bxc6 bxc6 17.g4 Rcb8 18.Nf3 Rb7 19.f5 Rab8 20.b3 a5 21.e5 d5 22.f6 gxf6
23.exf6 Bxf6 24.Rf1 Be8 25.Ng5 Qe7 26.Nce4 Bg7 27.h4 dxe4 28.Qxe4 f5 29.gxf5 Qf6
30.Qxe6+ Qxe6 31.Rxe6 Bd7 32.Rd6 Be5 33.Rh6 Bg7 34.Rd6 Be5 35.Rh6 Bg7 36.Rd6 Bf8
37.Rf6 Be8 38.Rg1 Bc5 39.Ne6+  1-0

[Event "TCh-SUI 2010"]
[Site "Switzerland SUI"]
[Date "2010.06.13"]
[Round "4.4"]
[White "Netzer,Je"]
[Black "Miralles,G"]
[Result "1/2-1/2"]
[WhiteElo "2401"]
[BlackElo "2469"]

1.e4 c5 2.Nf3 Nc6 3.Nc3 d6 4.d4 cxd4 5.Nxd4 Nf6 6.h3 e5 7.Nde2 Be6 8.f4 d5
9.f5 d4 10.fxe6 fxe6 11.a3 dxc3 12.Qxd8+ Rxd8 13.Nxc3 Bc5 14.Bd3 O-O 15.Bg5 h6
16.Bxf6 Rxf6 17.O-O-O Rf2 18.g4 Be3+ 19.Kb1 Nd4 20.Rdf1 Rg2 21.Nb5 Nb3 22.Rd1 Nd2+
23.Ka2 a6 24.Nc3 Rf8 25.Nb1 Nf3 26.a4 Nd4 27.Na3 b5 28.Bf1 Rgf2 29.c3 Nc2
30.axb5 Nxa3 31.Kxa3 axb5 32.Bxb5 Rb8 33.c4 Bd4 34.Rb1 Ra8+ 35.Kb3 Raf8 36.Bd7 Rb8+
37.Bb5 Rbf8 38.Bd7 Rb8+ 39.Bb5  1/2-1/2

[Event "Open"]
[Site "Teplice CZE"]
[Date "2010.06.13"]
[Round "2"]
[White "Tuma,Ja"]
[Black "Popelka,Pavel"]
[Result "1/2-1/2"]
[WhiteElo "2325"]
[BlackElo "2039"]

1.e4 c5 2.Nf3 Nc6 3.Nc3 d6 4.d4 cxd4 5.Nxd4 e5 6.Nxc6 bxc6 7.f4 Be7 8.Bc4 Nf6
9.O-O Qb6+ 10.Kh1 Ba6 11.Bxa6 Qxa6 12.fxe5 dxe5 13.Bg5 Qb7 14.Qf3 Rd8 15.Qg3 Qb8
16.Rae1 Qd6 17.Rf5 Nh5 18.Qh4 g6 19.Bxe7 Qxe7 20.Qxe7+ Kxe7 21.Rxe5+ Kf6
22.Rc5 Rc8 23.e5+ Ke6 24.Ne4 Ke7 25.Rf1 Rhf8 26.Rf3 Ng7 27.Ra3 Rc7 28.Ra6 Rd8
29.Kg1 Rd4 30.Nc3 Ne6 31.Rcxc6 Rcd7 32.Ra5 Rd2 33.Ne4 Re2 34.Nd6 Nf4 35.Rc8 Ke6
36.Re8+ Re7 37.Rxe7+ Kxe7 38.Rxa7+ Ke6 39.Rxf7 g5 40.Rc7 Rxg2+ 41.Kf1 Rxh2
42.Ne4 g4 43.Rxh7 Rxc2 44.Rb7 Kxe5 45.Ng3 Nd3 46.Re7+ Kf6  1/2-1/2

[Event "14th FIDE Open"]
[Site "Voronezh RUS"]
[Date "2010.06.13"]
[Round "2"]
[White "Degtiarev,V"]
[Black "Shugaev,S"]
[Result "1-0"]
[WhiteElo "1869"]
[BlackElo "2128"]

1.e4 c5 2.Nf3 Nc6 3.Nc3 g6 4.d4 cxd4 5.Nxd4 Bg7 6.Be3 Nf6 7.Nxc6 bxc6 8.e5 Ng8
9.f4 f6 10.exf6 Nxf6 11.Bd4 O-O 12.Qd2 Rb8 13.O-O-O Qa5 14.Bc4+ Kh8 15.Rhe1 Qb4
16.Bb3 d5 17.Qe3 Bh6 18.g3 Rf7 19.Bxa7 Ra8 20.Bc5 Qb7 21.Bxe7 Ng4 22.Qc5 Bg7
23.Rxd5 cxd5 24.Bxd5 Rf5 25.Bxb7 Rxc5 26.Bxa8  1-0

[Event "ch-NED"]
[Site "Eindhoven NED"]
[Date "2010.06.14"]
[Round "2"]
[White "Van Kampen,R"]
[Black "Van Wely,L"]
[Result "1/2-1/2"]
[WhiteElo "2481"]
[BlackElo "2653"]

1.e4 c5 2.Nf3 Nc6 3.Nc3 g6 4.d4 cxd4 5.Nxd4 Bg7 6.Be3 Nf6 7.Bc4 O-O 8.Bb3 d6
9.f3 Bd7 10.Qd2 Nxd4 11.Bxd4 b5 12.O-O a5 13.a4 b4 14.Nd5 Nxd5 15.exd5 Rc8
16.Rfe1 Re8 17.Re2 Bxd4+ 18.Qxd4 e5 19.dxe6 Bxe6 20.Rae1 Qd7 21.Bxe6 Rxe6
22.Rxe6 fxe6 23.Re2 Rc6 24.h4 d5 25.Qf6 Qd6 26.h5 Qf8 27.Qe5 Kf7 28.Qf4+ Kg8
29.Qe5 Kf7 30.Qf4+ Kg7 31.Qd4+ Kg8  1/2-1/2

[Event "14th Master Open"]
[Site "Voronezh RUS"]
[Date "2010.06.14"]
[Round "3"]
[White "Savchenko,Andrey"]
[Black "Amanov,Z"]
[Result "0-1"]
[WhiteElo "1895"]
[BlackElo "2398"]

1.e4 c5 2.Nf3 Nc6 3.Nc3 g6 4.d4 cxd4 5.Nxd4 Bg7 6.Be3 Nf6 7.Nxc6 bxc6 8.e5 Ng8
9.Bd4 Qa5 10.f4 Nh6 11.Qd2 Nf5 12.Bf2 Rb8 13.Bc4 h5 14.Bb3 O-O 15.O-O-O d6
16.exd6 exd6 17.Ne4 Qa6 18.Qd3 Qa5 19.Be1 Qc7 20.g3 d5 21.Nc5 Rb5 22.Bf2 Qa5
23.Na4 Be6 24.Be1 Qc7 25.Nc3 Rb7 26.Na4 c5 27.Bxd5 Bxd5 28.Qxd5 Ne3 29.Qf3 Nxd1
30.Qxd1 Qc6  0-1

[Event "14th Master Open"]
[Site "Voronezh RUS"]
[Date "2010.06.14"]
[Round "3"]
[White "Lukjanenko,A"]
[Black "Gurkin,A"]
[Result "1-0"]
[WhiteElo "2375"]
[BlackElo "2220"]

1.e4 c5 2.Nc3 Nc6 3.Nf3 d6 4.d4 cxd4 5.Nxd4 e5 6.Nf5 Bxf5 7.exf5 Be7 8.Bc4 Nf6
9.Be3 Qd7 10.Qf3 a6 11.O-O-O b5 12.Bb3 Rc8 13.g4 h6 14.h4 Na5 15.g5 Nxb3+
16.axb3 Ng8 17.Nd5 Qc6 18.c3 h5 19.Rhg1 a5 20.f6 gxf6 21.gxf6 Bf8 22.Qf5 b4
23.c4 Nh6 24.Bxh6 Bxh6+ 25.Kb1 Ra8 26.Ne7 Qa6 27.c5 Rd8 28.c6 Qb6 29.Qxh5  1-0

[Event "14th FIDE Open"]
[Site "Voronezh RUS"]
[Date "2010.06.15"]
[Round "4"]
[White "Kornilov,P"]
[Black "Sazonova,E"]
[Result "1-0"]
[WhiteElo "2036"]
[BlackElo "2152"]

1.e4 c5 2.Nc3 Nc6 3.Bb5 Nd4 4.Bc4 e6 5.Nf3 a6 6.Nxd4 cxd4 7.Ne2 Nf6 8.d3 Bc5
9.Bg5 h6 10.Bh4 d6 11.O-O g5 12.Bg3 Qc7 13.f4 Ng4 14.Bf2 gxf4 15.Nxf4 Rg8
16.h3 Nxf2 17.Rxf2 Qe7 18.Nh5 Rg6 19.Qf3 b5 20.Bb3 Ra7 21.Raf1 Qg5 22.Re2 Rc7
23.a4 Bb7 24.axb5 axb5 25.Nf6+ Kd8 26.Ref2 Qe3 27.Kh1 Bc6 28.Qh5 Qg5 29.Qd1 Qe5
30.Rf3 d5 31.Ng4 Qg5 32.exd5 Bxd5 33.Bxd5 Qxd5 34.Qd2 f5 35.Nxh6 Rh7 36.Qa5+ Kc8
37.Qa6+ Kc7 38.Nxf5 Rxh3+ 39.gxh3 Rf6 40.Nh4 Rf4 41.Qa5+ Kc8 42.Qe1 Be7 43.Qg3 Rxh4
44.Qg2 Bd6 45.Kg1 Rh5 46.Qg8+ Kd7 47.Rf7+ Kc6 48.Qa8+ Kc5 49.b4+ Kxb4 50.Rb1+ Kc3
51.Rb3+ Kd2 52.Rf2+ Ke3 53.Qxd5 Rxd5 54.Rb1  1-0

[Event "4th Open"]
[Site "Varna BUL"]
[Date "2010.06.16"]
[Round "5"]
[White "Stjazhkina,O"]
[Black "Bayramov,E"]
[Result "1-0"]
[WhiteElo "2280"]
[BlackElo "1926"]

1.e4 c5 2.Nc3 Nc6 3.Bb5 d6 4.Bxc6+ bxc6 5.d3 g6 6.Nge2 Bg7 7.O-O Nf6 8.h3 d5
9.Rb1 Ba6 10.e5 Nd7 11.f4 e6 12.b3 O-O 13.Na4 f6 14.exf6 Bxf6 15.Ba3 Be7
16.c4 Rf7 17.Qd2 Qc7 18.Qe3 d4 19.Qxe6 Nf6 20.Ng3 Bd6 21.Bxc5 Bxf4 22.Ne4 Nxe4
23.Qxe4 Be3+ 24.Kh1 Rd8 25.Qe6 Bc8 26.Qxf7+ Qxf7 27.Rxf7 Kxf7 28.Rf1+ Kg7
29.Bxa7 Bf5 30.Rd1 g5 31.Bb6 Rf8 32.g4 Bg6 33.Nc5 Rf6 34.Kg2 Rf2+ 35.Kg3 h5
36.Ne6+ Kh6 37.h4 gxh4+ 38.Kxh4 Rf3 39.Bxd4 Bxd4 40.Nxd4 Rf4 41.Nxc6 Rxg4+
42.Kh3 Bf5 43.Kh2 h4 44.b4 h3 45.Rd2 Kg5 46.b5 Kf4 47.Rf2+  1-0

[Event "Open"]
[Site "Teplice CZE"]
[Date "2010.06.17"]
[Round "6"]
[White "Neuman,P"]
[Black "Zwardon,V"]
[Result "1-0"]
[WhiteElo "2463"]
[BlackElo "2205"]

1.e4 c5 2.Nc3 Nc6 3.Bb5 g6 4.Bxc6 dxc6 5.d3 Bg7 6.Be3 Qd6 7.f4 e5 8.Qd2 Bg4
9.h3 Be6 10.Nf3 Ne7 11.fxe5 Bxe5 12.Nxe5 Qxe5 13.Qf2 b6 14.d4 Qb8 15.dxc5 bxc5
16.O-O-O c4 17.Qf6 Rg8 18.Na4 c3 19.Qxc3 Qg3 20.Rd2 g5 21.Rhd1 g4 22.Nc5 gxh3
23.Nb7  1-0

[Event "Open"]
[Site "Teplice CZE"]
[Date "2010.06.17"]
[Round "6"]
[White "Dgebuadze,A"]
[Black "Hadraba,V"]
[Result "1-0"]
[WhiteElo "2551"]
[BlackElo "2244"]

1.e4 c5 2.Nc3 Nc6 3.Nge2 Nf6 4.d4 cxd4 5.Nxd4 e5 6.Ndb5 d6 7.Bg5 a6 8.Na3 Be6
9.Nc4 Rc8 10.Bd3 Be7 11.O-O O-O 12.Ne3 Ne8 13.Bxe7 Nxe7 14.Kh1 Nf6 15.Qe2 Qc7
16.f4 Qc5 17.f5 Bd7 18.Rf3 b5 19.Rg3 Kh8 20.a3 Bc6 21.Rf1 a5 22.Ng4 Neg8
23.Qd2 Nh5 24.Rh3 Nf4 25.Rxf4 exf4 26.Qxf4 f6 27.Ne2 Rce8 28.Qd2 Re7 29.Nf4 Be8
30.Qxa5 Nh6 31.Nxh6 gxh6 32.Qd2 Rg8 33.Rxh6 Qxf5 34.exf5 Rg4 35.c3 Reg7 36.Nd5 Rf4
37.Nxf6 Rfg4 38.Qd1  1-0

[Event "Sveins Minneturnering"]
[Site "Oslo NOR"]
[Date "2010.06.18"]
[Round "1"]
[White "Kyrkjebo,Erlend"]
[Black "Urkedal,F"]
[Result "0-1"]
[WhiteElo "1937"]
[BlackElo "2420"]

1.e4 c5 2.Nc3 Nc6 3.Bb5 Nd4 4.Bc4 e6 5.Nf3 a6 6.d3 b5 7.Bb3 Nxb3 8.axb3 Bb7
9.O-O d6 10.Ne1 Nf6 11.Bg5 Be7 12.f4 h6 13.Bh4 O-O 14.g4 Nd7 15.Bg3 f5 16.h3 b4
17.Nb1 fxe4 18.Qe2 Bh4 19.Bxh4 Qxh4 20.Kh2 Qf6 21.Ra2 exd3 22.Nxd3 e5 23.Nd2 exf4
24.Rxf4 Rae8 25.Qf2 Qe6 26.Nc4 d5 27.Na5 Bc8 28.Ra1 Rxf4 29.Qxf4 Qe2+ 30.Qf2 Qxf2+
31.Nxf2 Re2 32.Kg3 Rxc2 33.Re1 Kf7  0-1

[Event "Open"]
[Site "Teplice CZE"]
[Date "2010.06.18"]
[Round "7"]
[White "Cenek,M2"]
[Black "Kaluzny,Michal"]
[Result "1/2-1/2"]
[WhiteElo "1939"]
[BlackElo "1592"]

1.Nc3 c5 2.e4 Nc6 3.Nf3 g6 4.d4 cxd4 5.Nxd4 Bg7 6.Be3 d6 7.Qd2 Nf6 8.Be2 O-O
9.O-O-O Bd7 10.h4 h5 11.f3 Rc8 12.Nxc6 Rxc6 13.Bh6 Qa5 14.Bxg7 Kxg7 15.Kb1 Rfc8
16.Nd5 Qxd2 17.Rxd2 Nxd5 18.exd5 Rc5 19.c3 Bf5+ 20.Ka1 b5 21.Re1 b4 22.c4 b3
23.Bd3 Bxd3 24.Rxd3 Rxc4 25.axb3 Rc1+ 26.Rxc1 Rxc1+ 27.Ka2 Rc5 28.Ka3 Kf6
29.b4 Rb5 30.Ka4 a6 31.Rc3 Ke5 32.Rc6 Kxd5 33.Rxa6 Rb8 34.Ra7 Ke6 35.Rc7 d5
36.b5 d4 37.Ka5 d3 38.Rc1 Kd5 39.b6 d2 40.Rd1 Kc5 41.Ka4 Rxb6 42.Rxd2 Rb4+
43.Ka5 Rb5+  1/2-1/2

[Event "14th FIDE Open"]
[Site "Voronezh RUS"]
[Date "2010.06.18"]
[Round "6"]
[White "Chernyuk,Mikhail"]
[Black "Obraztsov,Nikita"]
[Result "1-0"]
[WhiteElo "2123"]
[BlackElo "1852"]

1.e4 c5 2.Ne2 Nc6 3.Nbc3 e6 4.g3 g6 5.d4 cxd4 6.Nxd4 a6 7.Nxc6 bxc6 8.Qd4 Nf6
9.Bg5 Be7 10.e5 Nd5 11.Bxe7 Qxe7 12.O-O-O Nxc3 13.Qxc3 Rb8 14.Rd6 Rf8 15.Bc4 f6
16.f4 fxe5 17.fxe5 Rf5 18.Kb1 Qg7 19.Bxe6 Rxe5 20.Rhd1 Rb7 21.Rxc6 dxc6 22.Qxc6+ Ke7
23.Qxc8 Rxe6 24.Qxb7+ Kf8 25.Rd8+ Re8 26.Rxe8+ Kxe8 27.Qxg7  1-0

[Event "Sveins Minneturnering"]
[Site "Oslo NOR"]
[Date "2010.06.19"]
[Round "2"]
[White "Skovgaard,Pe2"]
[Black "Guddahl,V"]
[Result "1-0"]
[WhiteElo "2284"]
[BlackElo "2053"]

1.e4 c5 2.Nf3 Nc6 3.Nc3 g6 4.d4 cxd4 5.Nxd4 Bg7 6.Be3 d6 7.Bc4 Nf6 8.h3 Bd7
9.O-O O-O 10.Bb3 a6 11.f4 b5 12.Qd3 Qc7 13.a4 b4 14.Nce2 e5 15.Nf3 exf4 16.Nxf4 Ne5
17.Nxe5 dxe5 18.Nd5 Nxd5 19.Bxd5 Bc6 20.c4 a5 21.Rac1 Bxd5 22.cxd5 Qb7 23.Rc6 Rfd8
24.Qc4 Rd7 25.Rc1 h6 26.Bf2 Bf8 27.Rb6 Qa7 28.Rxg6+ fxg6 29.Bxa7 Raxa7 30.Qc8 Kg7
31.Rc6 Bd6 32.Qe8 Rac7 33.Qe6  1-0

[Event "Sveins Minneturnering"]
[Site "Oslo NOR"]
[Date "2010.06.19"]
[Round "3"]
[White "Hebden,M"]
[Black "Andersen,Mad"]
[Result "1-0"]
[WhiteElo "2539"]
[BlackElo "2353"]

1.e4 c5 2.Nc3 Nc6 3.Nf3 e6 4.Bb5 Nd4 5.O-O a6 6.Bd3 Nc6 7.Be2 Qc7 8.d4 cxd4
9.Nxd4 Nf6 10.Kh1 Nxd4 11.Qxd4 Bc5 12.Qd2 O-O 13.Qg5 Bd4 14.Bd3 d6 15.f4 b5
16.Ne2 Bb6 17.e5 dxe5 18.fxe5 Nd7 19.Qh4 g6 20.Bh6 Bb7 21.Bxf8 Rxf8 22.Ng3 Nxe5
23.Be4 f5 24.Qf4 Bc8 25.Rae1 Nc4 26.Qc1 f4 27.b3 Ne3 28.Rf3 fxg3 29.Rfxe3 Bxe3
30.Qxe3 gxh2 31.Bd3 Qf4 32.Qxf4 Rxf4 33.Kxh2 Kf7 34.Re5 Ke7 35.Rc5 Kd7 36.Kg3 Rd4
37.Kf2 Bb7 38.Rg5 Kd6 39.Rg3 Rh4 40.c4 bxc4 41.Bxc4 a5 42.Be2 e5 43.Bg4 Bd5
44.Be2 Rf4+ 45.Ke1 Kc5 46.Rc3+ Kb4 47.Rc7 Rf7 48.Rc8 Bb7 49.Rc4+ Ka3 50.Ra4+ Kb2
51.g3 Bf3 52.Rxa5 Bxe2 53.Kxe2 e4 54.b4 Kc3 55.a3 Kd4 56.b5 Rf3 57.a4 Ra3
58.b6 Ra2+ 59.Kd1 Ra1+ 60.Kc2 e3 61.b7 e2 62.Re5 Kxe5 63.b8=Q+ Ke6 64.Qe8+ Kd6
65.Qb8+ Kd7 66.Qb5+ Kc8 67.Qe8+ Kb7 68.Qf7+  1-0

[Event "ch-PAR"]
[Site "Asuncion URU"]
[Date "2010.06.20"]
[Round "6"]
[White "Gimenez,Victor PAR"]
[Black "Benitez Irazusta,Eduardo"]
[Result "0-1"]
[WhiteElo "1552"]
[BlackElo "1652"]

1.e4 c5 2.Nf3 Nc6 3.Nc3 e5 4.Bb5 Nge7 5.O-O a6 6.Bc4 b5 7.Bxf7+ Kxf7 8.Ng5+ Kg8
9.Qf3 Qe8 10.Nd5 Nxd5 11.exd5 Nd4 12.Qe4 d6 13.c3 Bf5 14.Qe3 Nc2 15.Qf3 Qg6
16.d4 cxd4 17.g4 Bd7 18.Rb1 Be7 19.Qe4 Qxe4 20.Nxe4 Bxg4 21.f3 Bh3 22.Rf2 Ne3
23.cxd4 exd4 24.Bd2 Rc8 25.Bb4 Bf5 26.Bxd6 Bxe4 27.fxe4 Bxd6 28.Rd2 Kf7 29.b4 Rc4
30.a3 Rhc8 31.Rbb2 Rc1+ 32.Kf2 Rf1+ 33.Ke2 Rcc1 34.Kd3 Be5 35.d6 Rc3+ 36.Ke2 Ke6
37.Rd3 Rxd3 38.Kxd3 Kxd6 39.Ke2 d3+ 40.Kxe3 Bxb2 41.Kxd3 Ke5 42.Ke2 Rh1 43.Kf3 Rxh2
44.Ke3 Rh3+ 45.Kd2 Kxe4 46.Kc2 Ba1 47.Kd2 Rh2+ 48.Kc1 Kd3 49.Kb1 Kc3 50.Kxa1 Kb3
51.Kb1 Rh1+  0-1

[Event "Open"]
[Site "Teplice CZE"]
[Date "2010.06.20"]
[Round "9"]
[White "Blazek,Ja"]
[Black "Horyna,J"]
[Result "0-1"]
[WhiteElo "1774"]
[BlackElo "1914"]

1.e4 c5 2.Nc3 Nc6 3.Nf3 d6 4.d4 cxd4 5.Nxd4 a6 6.Bc4 e6 7.Nxc6 bxc6 8.O-O Nf6
9.Qf3 Qc7 10.Bg5 Be7 11.Bb3 O-O 12.Rad1 h6 13.Bh4 Bb7 14.Rfe1 c5 15.Bg3 c4
16.Ba4 Qc5 17.Qe3 Qxe3 18.Rxe3 Rfd8 19.Re2 e5 20.f3 Rab8 21.Bf2 Ba8 22.b3 Rdc8
23.Be1 Rc7 24.bxc4 Rxc4 25.Bb3 Rc7 26.Kf1 Kf8 27.Nd5 Bxd5 28.exd5 Nd7 29.Bf2 f5
30.c4 Nc5 31.Bxc5 Rxc5 32.Rc2 Bg5 33.Ke2 Ke7 34.g3 Bf6 35.h3 Rb4 36.Rd3 a5
37.a3 Rb8 38.Ba4 Rb1 39.Rd1 Rb8 40.Kd3 Rc7 41.Bb5 e4+ 42.Kd2 exf3 43.a4 Be5
44.Ke3 Bxg3 45.Kxf3 Be5 46.h4 g5 47.hxg5 hxg5 48.Rh1 Rg8 49.Rh7+ Rg7 50.Rxg7+ Bxg7
51.Rh2 Rc8 52.Rh7 Kf6 53.Bc6 Kg6 54.Rh1 g4+ 55.Ke2 Rb8 56.Bb5 Be5 57.Re1 Kf6
58.Rh1 f4 59.Rh6+ Kg5 60.Re6 f3+ 61.Kf2 Bd4+ 62.Kf1 Bc5 63.Be8 Rb1+ 64.Re1 Rxe1+
65.Kxe1 Kf4 66.Bd7 g3  0-1

[Event "14th Master Open"]
[Site "Voronezh RUS"]
[Date "2010.06.20"]
[Round "8"]
[White "Demchenko,A"]
[Black "Zinchenko,Ya"]
[Result "1-0"]
[WhiteElo "2514"]
[BlackElo "2547"]

1.e4 c5 2.Nf3 Nc6 3.Nc3 d6 4.d4 cxd4 5.Nxd4 Nf6 6.Bg5 e6 7.Qd2 a6 8.O-O-O Bd7
9.f3 Be7 10.h4 h6 11.Be3 h5 12.Bg5 Qc7 13.g3 Rc8 14.Nxc6 Bxc6 15.Bd3 b5 16.Ne2 d5
17.e5 Ne4 18.Bxe4 dxe4 19.Nd4 Bb7 20.Bxe7 Qxe7 21.Qf4 exf3 22.g4 g6 23.Rhg1 hxg4
24.Rxg4 Rc4 25.b3 Rc3 26.Kb2 Rc8 27.Rg5 Bd5 28.Rdg1 Qb4 29.h5 Rxh5 30.Rxh5 gxh5
31.a3 Qe7 32.Rg7 Qf8 33.Rh7 Qg8 34.Rxh5 Kd7 35.Rh6 Rc7 36.Nxf3 Qg2 37.Nd2 Kc8
38.a4 Kb7 39.Qd4 Qg7 40.Rf6 Qf8 41.axb5 axb5 42.Nb1 Bc6 43.Nc3 Rd7 44.Qf4 Qe7
45.Na2 Rc7 46.Nb4 Be8 47.Qe4+ Bc6 48.Qd4 Qd7 49.Qe4 Qe7 50.Nd3 Bd5 51.Qd4 Qf8
52.Rf1 Qc8 53.Nb4 Bg2 54.Ra1 Qd7 55.Qe3 Qe7 56.Nd3 Kc8 57.Rg1 Bd5 58.Qb6 Qe8
59.Nb4 Bb7 60.Rg4 Bf3 61.Na6 Rc6 62.Qb8+ Kd7 63.Qa7+ Kc8 64.Rg8 Qxg8 65.Qb8+ Kd7
66.Qxg8  1-0

[Event "70th ch-ITA S/F"]
[Site "Torino ITA"]
[Date "2010.06.21"]
[Round "2"]
[White "Piscopo,P"]
[Black "Damia,A"]
[Result "1-0"]
[WhiteElo "2426"]
[BlackElo "2281"]

1.e4 c5 2.Nc3 Nc6 3.Nf3 d6 4.d4 cxd4 5.Nxd4 Nf6 6.Bg5 a6 7.Be2 Qa5 8.Bxf6 gxf6
9.Nb3 Qc7 10.O-O e6 11.f4 Be7 12.Bh5 Rg8 13.Kh1 Rg7 14.f5 Bd7 15.fxe6 Bxe6
16.Nd4 Nxd4 17.Qxd4 Qc5 18.Qxc5 dxc5 19.Nd5 Bxd5 20.exd5 Rg5 21.Bf3 Bd6 22.a4 O-O-O
23.a5 Re8 24.Ra4 Kc7 25.Rh4 Rg7 26.Be4 Be5 27.c3 Reg8 28.g3 Kd6 29.Rf3 c4
30.Bxh7 Rh8 31.Bf5 Rxh4 32.gxh4 Rg8 33.h5 Rh8 34.Rh3 Kxd5 35.h6 Bf4 36.h7 Ke5
37.Bc2 Bc1 38.Rg3 f5 39.Rh3 Bg5 40.Rh5 Kf6 41.h4 Bc1 42.Rxf5+ Ke6 43.Rc5 Bxb2
44.Rxc4 f5 45.Bb3 Kd6 46.Rd4+ Ke7 47.Bg8 Bxc3 48.Rd5 Bf6 49.h5 Ke8 50.Rxf5 Bd8
51.Kg2 b6 52.axb6 Bxb6 53.Rf7 a5 54.Rb7 Bd4 55.Kf3 Bc3 56.Ke4 Kd8 57.Kd5 Bb4
58.Ke6 Bc3 59.Rd7+ Kc8 60.Kd6 Kb8 61.Kc6 Be1 62.Rb7+ Ka8 63.Kb6 Bf2+ 64.Ka6  1-0

[Event "Open"]
[Site "Eforie Nord ROU"]
[Date "2010.06.22"]
[Round "6"]
[White "Maksimov,O"]
[Black "Malureanu,C"]
[Result "1-0"]
[WhiteElo "2338"]
[BlackElo "2128"]

1.e4 c5 2.Ne2 Nc6 3.Nbc3 d6 4.d4 cxd4 5.Nxd4 Nf6 6.g3 g6 7.Nde2 Rb8 8.Bg2 b5
9.O-O b4 10.Nd5 Bg7 11.a3 a5 12.axb4 axb4 13.h3 O-O 14.Be3 e6 15.Nxf6+ Bxf6
16.Nd4 Nxd4 17.Bxd4 e5 18.Be3 Be6 19.Ra6 Be7 20.b3 Qc8 21.Ra7 Rb7 22.Rxb7 Qxb7
23.f4 exf4 24.gxf4 Qc8 25.f5 gxf5 26.Qd4 f6 27.Bh6 Rf7 28.exf5 Bxf5 29.Ra1 Bf8
30.Ra8 Qe6 31.Rxf8+  1-0

[Event "Open"]
[Site "Eforie Nord ROU"]
[Date "2010.06.23"]
[Round "7"]
[White "Carlsson,P"]
[Black "Moldovan,D"]
[Result "1-0"]
[WhiteElo "2479"]
[BlackElo "2423"]

1.e4 c5 2.Nf3 Nc6 3.Nc3 g6 4.d4 cxd4 5.Nxd4 Bg7 6.Be3 Nf6 7.Bc4 Qa5 8.O-O O-O
9.Bb3 d6 10.h3 Bd7 11.Re1 Rfe8 12.Qe2 Rac8 13.Rad1 Nxd4 14.Bxd4 Bc6 15.Qe3 Nd7
16.Qf4 Rf8 17.Bxg7 Kxg7 18.Qg3 Nc5 19.e5 Nxb3 20.axb3 dxe5 21.Rxe5 Qc7 22.Rde1 e6
23.Ne2 f6 24.Nf4 Bd7 25.Rxe6 Qxc2 26.Re7+ Rf7 27.Nh5+ Kf8 28.Qd6 gxh5 29.R7e2+ Kg7
30.Rxc2 Rxc2 31.Qg3+ Kh6 32.Qf4+ Kg7 33.Re3 Rc8 34.Qf3 Bc6 35.Qxh5 Rcf8 36.Qc5 a6
37.Kh2 Re8 38.Rxe8 Bxe8 39.f3 Bc6 40.Kg3 Rd7 41.Qc3 Rd5 42.Kf4 h5 43.g4 h4
44.Ke3 Kf7 45.f4 a5 46.Qc4 Kg7 47.b4 a4 48.Qe4  1-0

[Event "70th ch-ITA S/F"]
[Site "Torino ITA"]
[Date "2010.06.25"]
[Round "7"]
[White "Rombaldoni,Ax"]
[Black "Piscopo,P"]
[Result "1/2-1/2"]
[WhiteElo "2436"]
[BlackElo "2426"]

1.e4 c5 2.Nf3 Nc6 3.Nc3 Nf6 4.g3 g6 5.d4 cxd4 6.Nxd4 Nxd4 7.Qxd4 d6 8.Bg2 Bg7
9.O-O O-O 10.h3 Be6 11.Qd1 b5 12.a3 Rb8 13.Re1 a5 14.Kh2 Re8 15.Be3 b4 16.axb4 axb4
17.Nd5 Bxd5 18.exd5 Ra8 19.Qd2 Qc7 20.Qxb4 Rab8 21.Qa4 Rxb2 22.c4 Rc8 23.Rac1 Nd7
24.Qa3 Bf6 25.Rb1 Rxb1 26.Rxb1 h5 27.f4 Rb8 28.Rxb8+ Qxb8 29.Qa4 Nc5 30.Qb5 Qc8
31.Qc6 Qf5 32.h4 Nb3 33.Qb5 Qd3 34.Bf2 Nd2 35.Qb8+ Kg7 36.c5 dxc5 37.Bxc5 Qc2
38.Qb5 Nf3+ 39.Kh1 Qc1+ 40.Qf1 Qxc5 41.Qxf3  1/2-1/2

[Event "1st Open"]
[Site "Marrakesh MAR"]
[Date "2010.06.28"]
[Round "4"]
[White "Tissir,M"]
[Black "Sellak,Hadou"]
[Result "0-1"]
[WhiteElo "2474"]
[BlackElo "2010"]

1.e4 c5 2.Nc3 Nc6 3.Bb5 Nd4 4.Bc4 d6 5.Nge2 g6 6.O-O Bg7 7.Nxd4 cxd4 8.Ne2 e6
9.d3 Ne7 10.Bb3 O-O 11.Qe1 Nc6 12.a4 Qc7 13.Bd2 b6 14.Kh1 Rb8 15.f4 Na5 16.Bxa5 bxa5
17.Qh4 Qd8 18.Qf2 Qb6 19.Ng3 Qc5 20.Rae1 Bd7 21.f5 Qe5 22.Ne2 Bh6 23.Ra1 Rfc8
24.h4 Rc5 25.g4 Be3 26.Qg2 Bc6 27.Rf3 d5 28.Qg3 dxe4 29.Rxe3 exd3+ 30.Kh2 Qxe3  0-1